Termodinámica para ingenieros
| Main Authors: | , |
|---|---|
| Format: | Section = Libro |
| Language: | Undetermined Spanish |
| Published: |
España
McGraw-Hill
2004
|
| Subjects: |
| LEADER | 00779nam a2200289Ia 4500 | ||
|---|---|---|---|
| 008 | 240830s9999 xx 000 0 und d | ||
| 020 | |a 84-481-4282-9 | ||
| 040 | |a B-ESTELÍ- RUACS / 621.4021 P868 | ||
| 041 | |a spa | ||
| 082 | |a 621.4021 P868 | ||
| 100 | 1 | |a Potter, Merle C. | |
| 100 | 1 | |b Somerton, Craig W. | |
| 245 | 1 | 0 | |a Termodinámica para ingenieros |
| 260 | |a España |b McGraw-Hill |c 2004 | ||
| 300 | |a 388 p. :il | ||
| 650 | 7 | |a TERMODINAMICA | |
| 650 | 7 | |b PROPIEDADES - SUSTANCIAS PURAS | |
| 650 | 7 | |c TRABAJO Y CALOR | |
| 650 | 7 | |d ENTROPIA | |
| 650 | 7 | |e CICLOS Y CALOR | |
| 650 | 7 | |f ENTROPIA | |
| 650 | 7 | |g CICLOS DE POTENCIA | |
| 650 | 7 | |h REFRIGERACION - VAPOR, GAS | |
| 650 | 7 | |i CONVERSION - UNIDADES. | |
| 942 | |c BK |2 ddc | ||
| 991 | |a TEXTO | ||
| 999 | |c 11219 | ||